000 00343 a2200157 4500
001 59618
020 _a9783785548486
040 _cAnchieta - Pituba
100 _aMeyer, Kai
240 1 0 _aDie wellenläufer
_lpor
245 1 0 _aDie wellenläufer
300 _a378
362 0 _a2006
650 4 _aLiteratura juvenil em alemão
942 _cBK
999 _c59618
_d59618